000 00789nam a2200241 4500
003 OSt
005 20240611022016.0
006 a
008 240611b |||||||| |||| 00| 0 eng d
020 _a9780415467889
040 _aDWCL-Main lib.
_cOC
082 _aCirc. 338.6 S681c 2010
100 _aSoederberg, Susanne
245 _aCorporate power and ownership in contemporary capitalism : the politics of resistance and domination /
260 _aUSA :
_bRoutledge,
_cc2010.
300 _axix,
_b195 p. ;
_c23 cm.
504 _aIncludes bibliographical references and index.
650 _a1. Corporate governance.
650 _a2. Corporations- Social aspects.
650 _a3. Stock ownership- Social aspects.
700 _aSusanne Soederberg
942 _2ddc
_n0
_cBK-CIRC
_kCirc.
999 _c509
_d509